01373 2200553 4500001002100000005001500021035002000036245006400056100001700120250000600137300003500143700001700178260003300195082000800228084001400236020002200250650002000272990001700292990001700309990001700326990001700343990001700360990001700377990001700394990001700411990001700428990001700445990001700462990001700479990001700496990001700513990001700530990001700547990001700564990001700581990001700598990001700615990001700632990001700649990001700666990001700683990001700700990001700717990001700734990001700751990001700768990001700785990001700802INLIS00000000000050120181128012152 a0010-11180000441 aMari Bersikap Sportif /cSuryaningsih; Editor, Epik Finilih0 aSuryaningsih a- aiv, 60 hlm. :bilus. ;c25 cm.0 aEpik Finilih aDepok :bCV Arya Duta,c2011 a813 a813 SUR m a978-979-094-131-1 aFiksi Indonesia a01764/P/2018 a01765/P/2018 a01766/P/2018 a01767/P/2018 a01768/P/2018 a01768/P/2018 a01764/P/2018 a01765/P/2018 a01766/P/2018 a01767/P/2018 a01767/P/2018 a01764/P/2018 a01765/P/2018 a01766/P/2018 a01768/P/2018 a01766/P/2018 a01764/P/2018 a01765/P/2018 a01767/P/2018 a01768/P/2018 a01765/P/2018 a01764/P/2018 a01766/P/2018 a01767/P/2018 a01768/P/2018 a01764/P/2018 a01765/P/2018 a01766/P/2018 a01767/P/2018 a01768/P/2018 a04644/H/2018